Komparativní výhody zemí V4 a Německa – porovnání sektorů podle míry kvalifikace pracovní síly a technologické intenzity
Porovnanie komparatívnych výhod krajín Vyšehrádskej štvorky a Nemecka. Komparované sú štyri agregované ekonomické sektory, líšiace sa vyžadovanou mierou kvalifikácie pracovnej sily a technologickej intenzity.
Na minha lista:
| Autor principal: | |
|---|---|
| Formato: | Capítulo de Livro |
| Idioma: | tcheco |
| Assuntos: | |
| Tags: |
Sem tags, seja o primeiro a adicionar uma tag!
|
MARC
| LEADER | 00000nla a2200000 4500 | ||
|---|---|---|---|
| 001 | 0231045 | ||
| 005 | 20240417075120.1 | ||
| 041 | 0 | |a cze | |
| 044 | |a CZ | ||
| 245 | 1 | 0 | |a Komparativní výhody zemí V4 a Německa – porovnání sektorů podle míry kvalifikace pracovní síly a technologické intenzity |c Ondřej Sankot |
| 520 | |a Porovnanie komparatívnych výhod krajín Vyšehrádskej štvorky a Nemecka. Komparované sú štyri agregované ekonomické sektory, líšiace sa vyžadovanou mierou kvalifikácie pracovnej sily a technologickej intenzity. | ||
| 610 | 2 | 0 | |a výhody komparatívne |
| 610 | 2 | 0 | |a Vyšehradská štvorka |
| 610 | 2 | 0 | |a Nemecko |
| 610 | 2 | 0 | |a analýza komparatívna |
| 100 | 1 | |a Sankot, Ondřej | |